00201nam a2200085Ia 4500008004100000100002000041245003100061260001100092260001200103180219s9999 xx 000 0 und d aChandra Jagdish 0aEducation For Human Rights a"Delhi cAnshah"